Culture Générale - Série 698 - Statistiques

Statistiques générales
  • Ce quiz a été pris 130 fois
  • Le résultat moyen est 7 sur 10
Statistiques - réponses
Question Réponse % Correct
Le détroit de Gibraltar sépare deux pays : l'Espagne et le... Maroc
98%
Comment écrit-on l'homonyme de "sot", quand il s'agit d'un cachet officiel ? sceau
96%
Au football, sous quel nom anglais connaît-on mieux la phase de jeu appelée "coup de pied de coin" ? corner
93%
Complétez le titre du roman de Raymond Queneau : "Zazie dans... le métro
85%
Quelle place de Nancy, édifiée de 1751 à 1760, doit-on à la collaboration d'Emmanuel Héré et de Jean Lamour ? La place Stanislas
63%
À quel réalisateur doit-on “Les Vacances de Monsieur Hulot” ? Jacques Tati
60%
Complétez le titre du roman d'Emile Zola "La fortune des ... Rougon
60%
Lorsque vous buvez de l'eau du robinet, on dit familièrement que vous buvez du Château-la-... Pompe
53%
Quel est le vrai nom du Comte de Monte-Cristo, le personnage du roman d'Alexandre Dumas ? Edmond Dantès
47%
Quel imitateur et humoriste est le scénariste des nouvelles "Aventures de Lucky Luke" ? Laurent Gerra
42%
Aucun quiz correspondant
Distribution des résultats
% des personnes avec chaque résultat
Percentile par nombre de réponses
Votre historique - résultats
Vous n’avez pas pris ce quiz